01660cam a22004574i 4500003000900000005001700009008004100026020001400067020001800081035002000099040003300119049000900152082002100161100003700182245009100219264007700310300003700387336002100424337002500445338002300470504004200493505009200535526001000627526001000637526001000647526001000657526000800667526000800675526000800683526000800691526000800699526000800707526000800715650003400723942001400757994001400771596000600785999017300791980005500964952018301019PE-LiUPU20250731172905.0 s2016 miu rb 000 0 eng d a080282448 a9780802824486 a(Sirsi) a166456 aPE-LiUPUbspacPE-LiUPUerda aPRUA04a227.107bL692231 aLongenecker, Richard N.,eautor.14aThe Epistle to the Romans :ba commentary on the Greek text /cRichard N. Longenecker. 1aGrand Rapids, Michigan :bWilliam B. Eerdmans Publishing Company,c2016. a1140 páginas ;c25 centimetros atext2rdacontent aunmediated2rdamedia avolume2rdacarrier aBibliografía : páginas 1087-1093.04aIntroduction to the Commentary -- Commentary Proper -- the body sections of the letter. aSEG42 aSEG41 aSEG40 aSEG39 aP94 aP87 aP86 aP85 aP77 aP76 aP3504aBiblia, romanos, comentarios. 2ddccBOOK aC0bPEPRU a1 a227.107 L69wLCc15195i75562d15195e2019-2-14f2021-11-9g5lCCODEBUL1mBULn15p53.39q18r0sYtBOOKu2017-1-24xTEOLOGIAPP350COMPRAo.STAFF. Colección Teologia 81gALBERTO SANCHEZ Responsable de Automatización r2025-12-03 00:00:00i6l17o227.107 L69p75562s2025-09-04te1v58.39w2017-01-24xFTyBKzinventario-2023-12-13102ddc50708GENfP35aBULbBULcGENd2017-01-24eCOMPRAg53.39